00818nam a2200205 a 450000100100000000500170001000800410002702000180006804000250008610000370011124500980014826000610024630000210030749000310032870000460035971000470040583000380045295201050049099900170059500004213020201002035946.0131114s2009 gt 000 0 spa d a9789992212806 aDO-SdBNPbspacBNPHU1 aMonteforte Toledo, Mario.96911510aEntre la piedra y la cruz /cMario Monteforte Toledo; edición José Luis Perdomo Orellana. aGuatemala :bFundación Maria Monteporte Toledo,c2009. a237 p. ;c22 cm.1 aMario Monteforte Toledov21 aPerdomo Orellana, José Luiseed.9691162 aFundación Maria Monteporte Toledo969117 0aMario Monteforte Toledov2969118 001050718MOaGRbGRcCTd2013-11-14iLF1l0o p42130-10r2020-06-25w2020-06-25y1ZNo se presta c41619d41619